zpět

Detail výsledku týmu

Bar U Souseda, Plzeň

Datum a čas kvízu

31 Celkem bodů Celkový počet nahraných bodů na tomto kvízu bez doplňovacích otázek.
5. Pořadí na kvízu Konečné umístění týmu na tomto kvízu.

Zaznamenané odpovědi

# Otázka Odpověď Body Výsledky
1. Čekalo se 120 nablýskaných kam... ve Zlíně 0
2. Na sociálních sítích lidé minu... Majitel veřejně podpořil očkování proti covidu. 1
3. Jak se jmenuje slavný britský... Michael Caine 1
4. Jak se nazývá nová kryptoměna,... Gypsycoin 0
5. Jedna oštěpařka vydražila svou... Polsko 0
6. Pojďme se nyní zlehka dotknout... Leoš Janáček 1
7. Z karcinomu děložního čípku He... Dětská obrna (také dětská přenosná obrna) 0
8. Jako „nesmrtelné zvíře“ můžeme... rypoš (lysý) 1
9. „Nesmrtelní“ byli elitní jedno... Achaimenovci 0
10. Isabella Rosselliniová nabídne... Bruce Willis 0